Responses for Show #7264 - Thursday, March 24, 2016

WE ASKED: Placido Domingo.

Contestants

[<< previous game]

Sarah Thompson, an art history professor from Rochester, New York

Vivek Srikrishnan, a graduate student from State College, Pennsylvania

Claudia Stucke, a former writer and high school English teacher from Decatur, Georgia (whose 2-day cash winnings total $30,600)

[next game >>]

Jeopardy! Round responses

THE FIRST MILLENNIUM
SPORTS SHORTS 2015
PHYSIOLOGY
BOOZIN' IT UP
TRIPLE RHYME TIME
FINAL RESTING PLACES
(Alex: How appropriate.)
    $200 16
Mount Vesuvius

Vivek
    $200 7
Kansas City Royals

Vivek
    $200 21
marrow

Vivek
    $200 2
a vodka martini

Vivek
    $200 1
pawn, dawn, yawn

Vivek
    $200 26
Martin Luther King (Jr.)

Vivek
    $400 17
Mohammed

Sarah
    $400 8
Serena Williams

Vivek
    $400 22
discs

Vivek
    $400 3
tailgate

Sarah
    $400 12
town, clown, frown

Claudia
    $400 27
John Belushi

Vivek
    $600 18
the Rhine

Sarah
    $600 9
Golden State Warriors

Vivek
    $600 23
Achilles tendon

Triple Stumper
    $600 4
Mexico

Vivek
    $600 13
bee, tree, see

Sarah
    $600 28
John F. Kennedy

Claudia
    $1,000 19
the Vikings

Sarah
    $800 10
the U.S. women's national soccer team

Vivek
    $800 24
the thyroid

Sarah
    $800 5
malt

Sarah
    $800 14
battle, rattle, Seattle

Triple Stumper
    $800 29
Errol Flynn

Claudia
    $1000 20
Attila the Hun

Vivek
    $1000 11
[Applause for Vivek's running the category]
(Alex: You know your sports, and you also know your alcoholic beverages. I don't know if there's a connection there, Vivek, but you select again as we continue.)

American Pharoah

Vivek
    $1000 25
TMJ

Sarah
    $1000 6
vermouth

Vivek
    $1000 15
peach, beach, bleach

Sarah
    $1000 30
Frederic Chopin

Vivek

Scores at the first commercial break (after clue 15):

Claudia Vivek Sarah
$400 $5,000 $2,800

Scores at the end of the Jeopardy! Round:

Claudia Vivek Sarah
$1,800 $8,400 $6,600

Double Jeopardy! Round responses

OPERA AT THE MET
THEY DIRECTED THEMSELVES
IT'S IN THE BOOK
NATIONAL ANTHEMS
LIMITED TIME ONLY
"CALL" NOW
    $400 1
(Alex: And, by the way, for your information, ladies and gentlemen, Ms. Radvanovsky will be appearing tonight in Roberto Devereux.)

Queen Elizabeth I

Vivek
    $400 21
Ben Affleck

Vivek
    $400 16
Winnie-The-Pooh

Sarah
    $400 2
Canada

Sarah
    $400 26
(Alex: [*]. 48 minutes.)

the NBA

Vivek
    $400 11
calligraphy

Vivek
    $800 5
Tristan

Sarah
    $800 22
Ben Stiller

Vivek
    $800 17
Ulysses

Vivek
    $800 3
"La Marseillaise"

Sarah
    $800 27
octopus

Vivek
    $800 12
calliope

Sarah
    $1200 6
(Alex: He's still got a great voice, hasn't he?)
(Sarah: He does.)
(Alex: My gosh.)

Otello

Sarah
    $4,000 23
(Vivek: Who is Barbra Streisand?)

Angelina Jolie

Vivek
    $1200 18
Exodus

Vivek
    $1200 4
Australia

Claudia
    $1200 28
Jackie Gleason

Claudia
    $1200 13
callousness

Claudia
    $1600 7
Faust

Vivek
    $1600 24
Zach Braff

Vivek
    $1600 19
The Golden Compass

Triple Stumper
    $2,000 9
"God Save the Queen"

Vivek
    $1600 29
(Vivek: What are 9 days?)

30 days

Vivek
Triple Stumper
    $1600 14
callow

Claudia
    $2000 8
William Tell

Vivek
    $2000 25
Elizabeth Banks

Sarah
    $2000 20
Water for Elephants

Triple Stumper
    $2000 10
(Alex: That was a tough one.)

Oman

Triple Stumper
    $2000 30
Nicaragua

Triple Stumper
    $2000 15
Callisto

Claudia

Scores at the end of the Double Jeopardy! Round:

Claudia Vivek Sarah
$9,000 $15,200 $13,000

[wagering suggestions for these scores]

Final Jeopardy! Round responses

19th CENTURY AMERICANS
(Alex: His health didn't improve all that much; he died, unfortunately, of tuberculosis.)
...
(Alex: [To Claudia] That's kind of a funny answer, though.)
(Claudia: Thank you.)
...
(Alex: Tubercular gambler, gunman, friend of Wyatt Earp, involved at the Gunfight at the O.K. Corral.)
ClaudiaWho was Colgate?
$4,001
SarahWho is Doc Holliday
$3,999
VivekWho is Walter Reed?
$10,801
Doc Holliday

Final scores:

Claudia Vivek Sarah
$4,999 $4,399 $16,999
2nd place: $2,000 3rd place: $1,000 New champion: $16,999

Game dynamics:

Coryat scores:

Claudia Vivek Sarah
$9,000 $18,800 $12,800
8 R,
0 W
28 R
(including 1 DD),
2 W
(including 1 DD)
16 R
(including 1 DD),
0 W

Combined Coryat: $40,600

[game clues] [game scores] [suggest correction]

Game tape date: 2016-02-02
The J! Archive is created by fans, for fans. Scraping, republication, monetization, and malicious use prohibited; this site may use cookies and collect identifying information. See terms. The Jeopardy! game show and all elements thereof, including but not limited to copyright and trademark thereto, are the property of Jeopardy Productions, Inc. and are protected under law. This website is not affiliated with, sponsored by, or operated by Jeopardy Productions, Inc. Join the discussion at JBoard.tv.